00310nam a2200133Ia 4500003000900000008004100009040001300050040001300063041000800076100003300084245004500117300000800162490000600170IT-RoPAU120407s9999 xx 000 0 und d aIT-RoPAU cIT-RoPAU aita aGiovanni Evangelista Robaldo aIl Vangelo della comunità€ parrocchiale c cm v1